Country Flags with 3 or More Colors - Statistics

General Stats
  • This quiz has been taken 16 times
  • The average score is 97 of 160
Answer Stats
Picture Answer % Correct
United States
92%
Australia
85%
Bhutan
85%
Bosnia and Herzegovina
85%
Brazil
85%
Canada
85%
Egypt
85%
France
85%
Germany
85%
Iceland
85%
India
85%
Ireland
85%
Italy
85%
Jamaica
85%
Lebanon
85%
Malaysia
85%
Mexico
85%
Nepal
85%
New Zealand
85%
Norway
85%
Russia
85%
South Africa
85%
South Korea
85%
Spain
85%
United Kingdom
85%
Vatican City
85%
Venezuela
85%
Algeria
77%
Argentina
77%
Barbados
77%
Belgium
77%
Brunei
77%
Cyprus
77%
El Salvador
77%
Ivory Coast
77%
Kosovo
77%
Malta
77%
Netherlands
77%
North Korea
77%
Papua New Guinea
77%
Syria
77%
Uruguay
77%
Azerbaijan
69%
Bahamas
69%
Colombia
69%
Croatia
69%
Dominican Republic
69%
Estonia
69%
Hungary
69%
Iran
69%
Iraq
69%
Kenya
69%
Kiribati
69%
Luxembourg
69%
Nicaragua
69%
Portugal
69%
Serbia
69%
Seychelles
69%
Sri Lanka
69%
United Arab Emirates
69%
Afghanistan
62%
Andorra
62%
Angola
62%
Belarus
62%
Bulgaria
62%
Cambodia
62%
Cuba
62%
Czechia
62%
D.R. Congo
62%
Ecuador
62%
Eswatini
62%
Kuwait
62%
Liberia
62%
Libya
62%
Liechtenstein
62%
Marshall Islands
62%
Myanmar
62%
Panama
62%
Paraguay
62%
Philippines
62%
Romania
62%
San Marino
62%
Slovakia
62%
Slovenia
62%
Taiwan
62%
Thailand
62%
Trinidad and Tobago
62%
Turkmenistan
62%
Yemen
62%
Antigua and Barbuda
54%
Armenia
54%
Belize
54%
Burundi
54%
Cameroon
54%
Chad
54%
Comoros
54%
Costa Rica
54%
Fiji
54%
Guatemala
54%
Haiti
54%
Jordan
54%
Lithuania
54%
Moldova
54%
Mongolia
54%
Montenegro
54%
Namibia
54%
Nauru
54%
Oman
54%
Republic of the Congo
54%
Saint Kitts and Nevis
54%
Saint Lucia
54%
South Sudan
54%
Sudan
54%
Tanzania
54%
Uganda
54%
Uzbekistan
54%
Zambia
54%
Zimbabwe
54%
Botswana
46%
Cape Verde
46%
Central African Republic
46%
Chile
46%
Equatorial Guinea
46%
Ethiopia
46%
Guyana
46%
Laos
46%
Maldives
46%
Mauritania
46%
Mozambique
46%
Niger
46%
Saint Vincent and the Grenadines
46%
Suriname
46%
Tajikistan
46%
Tuvalu
46%
Benin
38%
Bolivia
38%
Burkina Faso
38%
Dominica
38%
East Timor
38%
Eritrea
38%
Gabon
38%
Ghana
38%
Grenada
38%
Guinea
38%
Guinea-Bissau
38%
Lesotho
38%
Madagascar
38%
Malawi
38%
Mauritius
38%
Rwanda
38%
Samoa
38%
São Tomé and Príncipe
38%
Senegal
38%
Sierra Leone
38%
Togo
38%
Djibouti
31%
Gambia
31%
Mali
31%
Solomon Islands
31%
Vanuatu
31%
No matching quizzes found
Score Distribution
Percent of People with Each Score
Percentile by Number Answered
Your Score History
You have not taken this quiz